| 000 | 00775cam a2200241u 4500 | ||
|---|---|---|---|
| 001 | 25435 | ||
| 003 | BD-RjUL | ||
| 005 | 20211209050858.0 | ||
| 008 | 140318r1942 enk 001 0beng | ||
| 035 | _a(BD-RjUL)25505 | ||
| 040 |
_aDLC _cCarP _dDLC _dBD-RjUL _beng |
||
| 041 | _aeng | ||
| 082 |
_a942.07 _bGLL 1942 |
||
| 100 | 1 |
_aGleig, G. R. _q(George Robert), _d1796-1888. _978204 |
|
| 245 | 0 | 4 |
_aThe life of the Duke of Wellington / _cby G R Gleig. |
| 260 |
_aLondon ; _aNew York : _bJ. M. Dent & sons, Ltd.; _bE. P. Dutton & co., inc., _c[Reprinted 1942]. |
||
| 300 |
_axv. 438 p. ; _c18 cm. |
||
| 504 | _aIncludes index. | ||
| 600 | 1 | 0 |
_aWellington, Arthur Wellesley, _cDuke of, _d1769-1852. _978206 |
| 942 |
_2ddc _cBK |
||
| 999 |
_c25435 _d25435 |
||